| 000 | 00401nam a2200157 a 4500 | ||
|---|---|---|---|
| 001 | 343 | ||
| 003 | CDMR | ||
| 005 | 20130226192911.0 | ||
| 008 | 130130s ||||||||||||||||||||||||||||d | ||
| 020 | _a8440468474 | ||
| 040 |
_aCDMR _bcat _cCDMR |
||
| 100 | 1 |
_aManresa, Kim _9233 |
|
| 245 | 1 | 0 |
_aBarcelona nit _cKim Manresa; prologo LluĂs Permanyer |
| 260 |
_aBarcelona _bTiempo Libre _c[1990] |
||
| 942 |
_cMON _2ddc |
||
| 999 |
_c343 _d343 |
||